25 pytań-O kogo mowa-#2 Polska druż. w skokach nar. - Statystyki

Ogólne statystyki
  • Ten quiz został rozwiązany 753 razy
  • Średni wynik to 15 z 25
Statystyki odpowiedzi
Hint Odpowiedź % Poprawnych
5. Mając 12 lat udzielił wywiadu do telewizji, gdzie opowiadał, że jego największym marzeniem jest zdobycie złotego medalu olimpijskiego. Marzenie się spełniło. Kamil Stoch
89%
4. Mistrz świata z Seefeld Dawid Kubacki
88%
11. Rekordzista Polski w długości skoku narciarskiego. Kamil Stoch
81%
2. 11 lutego 2017 roku w Sapporo wygrał ex aeguo z Peterem Prevcem. Maciej Kot
81%
6. Oddając skok na 232, 5 metra w Vikersund, 26 lutego 2012 roku, przez 3 lata był rekordzistą Polski w długości lotu. Piotr Żyła
80%
16. Zwycięzca 68. Turnieju Czterech Skoczni Dawid Kubacki
77%
15. W sezonie 2017/2018 jako drugi zawodnik w historii (po Svenie Hannawaldzie w sezonie 2001/2002) odniósł zwycięstwa we wszystkich czterech konkursach Turnieju Czterech Skoczni podczas jednej edycji. Kamil Stoch
76%
12. Nazywany jest Wiewiórem. Piotr Żyła
73%
9.Jedna z ulic w Zębie, nazwana została jego imieniem. Kamil Stoch
72%
3. W Pucharze Świata zadebiutował mając 13 lat, 4 miesiące i 24 dni. Został najmłodszym skoczkiem w historii. Po wylądowaniu na 88 metrze zajął ostatnie miejsce w kwalifikacjach. Klemens Murańka
72%
19. Największa gaduła w drużynie. Piotr Żyła
72%
17. 10 lutego 2018 roku w Pjongczangu prowadził po pierwszej serii konkursu olimpijskiego na normalnej skoczni, ostatecznie kończąc go na piątym miejscu. Stefan Hula
69%
24. Jest najbardziej utytułowanym polskim sportowcem w historii zimowych igrzysk olimpijskich Kamil Stoch
67%
21. Pierwszy raz na podium Pucharu Świata stanął 23 stycznia 2011 roku na skoczni w Zakopanem. Zajął 1 miejsce. Kamil Stoch
63%
7. Indywidualny i drużynowy mistrz świata juniorów z Val di Fiemme 2014. Jakub Wolny
60%
25. Po raz pierwszy wygrał zawody Pucharu Świata dokładnie 17 lat po pierwszej wygranej Adama Małysza. Co ciekawe odbyło się to na tej samej skoczni, w Oslo. Piotr Żyła
59%
22. Na Letnim Grand Prix 2017 zajął 1 miejsce. Dawid Kubacki
55%
18. Mając 12 lat na skoczni w Zakopanym na treningu skoczył 128 metrów. Ważył wtedy niecałe 30 kg przy wzroście 138 cm. Nawet zawodowi skoczkowie nie dali rady tego dnia polecieć dalej. Kamil Stoch
55%
1. Zdobywając pierwsze punkty Pucharu Świata, od razu wskoczył do czołowej dziesiątki zawodów. Na Wielkiej Krokwi w 2012 roku zajął 9. miejsce. Aleksander Zniszczoł
46%
14. Interesuje się modelarstwem i szybowcami. Dawid Kubacki
43%
10. Wszystko analizuję, każdy szczegół, ponoć aż za dużo. Ale lubi dużo wiedzieć. Maciej Kot
36%
13. Ma córkę Hanie. Aleksander Zniszczoł
29%
20. Zwycięzca Letniego Pucharu Kontynentalnego z 2017 i 2019. Klemens Murańka
26%
8. Podczas kwalifikacji do konkursu LGP w Klingenthal upadł po skoku na 138 metrów i naderwał więzadło krzyżowe przednie Jakub Wolny
23%
23. Jego wielką pasją są rajdy samochodowe. Maciej Kot
22%
Nie znaleziono quizów pasujących do podanych kryteriów
Rozkład punktacji
Procent ludzi z każdym wynikiem
Percentyl według liczby udzielonych odpowiedzi
Twoja historia wyników
Nie rozwiązałeś tego quizu